Slovenčina pre cudzincov

Salvato in:
Dettagli Bibliografici
Autori principali: Dratva, Tomáš, Buznová, Viktoria, PhDr (Autore, autor)
Altri autori: Baranová, Beáta, PhDr (Traduttore, prekladateľ), Jaksics, František, 1937- (Illustratore, ilustrátor), Kyselicová, Eva, 1945- (Illustratore, ilustrátor)
Natura: Libro
Lingua:slovacco
Pubblicazione: Bratislava Slovenské pedagogické nakladateľstvo - Mladé letá 2007
Edizione:4. vyd. 2007
Soggetti:
Accesso online:Visualizza in OPAC
Tags: Aggiungi Tag
Nessun Tag, puoi essere il primo ad aggiungerne!!

MARC

LEADER 00000nam a22000000a 4500
005 20260127134128.0
008 090726s2005 xo a rp 000 slo d
020 |a 9788010011650 (brož.) 
035 |a vtls009866338 
035 |a (SVKBBclas03)vtls000261938 
039 9 |a 201506240934  |b mschk03  |y 200907261355  |z VLOAD 
040 |a SVKBB  |b slo  |c SVKBB  |d STUSCHK1  |e AACR2 
041 1 |a engslo 
080 |a 811.162.4(075)  |2 2001 
080 |a (075)  |2 2001 
100 1 |a Dratva, Tomáš  |9 1160 
245 1 0 |a Slovenčina pre cudzincov  |c Tomáš Dratva, Viktoria Buznová ; [ texty do angličtiny preložila Beáta Baranová ; ilustrácie František Jaksics, Eva Kyselicová] 
250 |a 4. vyd. 2007 
260 |a Bratislava  |b Slovenské pedagogické nakladateľstvo - Mladé letá  |c 2007 
300 |a 281 s.  |c 30 cm 
650 1 7 |a slovenčina  |2 SVKBBPH 
655 7 |a učebnice pre cudzincov  |2 SVKBBPH 
700 1 |a Buznová, Viktoria,  |c PhDr.,  |e autor  |4 aut 
700 1 |a Baranová, Beáta,  |c PhDr.,  |e prekladateľ  |4 trl 
700 1 |a Jaksics, František,  |d 1937-,  |e ilustrátor  |4 ill 
700 1 |a Kyselicová, Eva,  |d 1945-  |e ilustrátor  |4 ill  |9 806 
910 |a SCHK95 
919 |a 978-80-10-01165-0 
999 |c 4745  |d 4745